Statistiques concernant Les plus courts noms de pays - A à Z

Cliquez ici pour prendre le quiz!

Statistiques générales

  • Ce quiz a été pris 1 031 fois
  • Le résultat moyen est 24 sur 37

Statistiques - réponses

lettrepays% Correct
Y5Yémen
91%
Q5Qatar
87%
Z6Zambie
85%
O4Oman
80%
D8Danemark
78%
I4Irak
78%
I4Iran
78%
F5Fidji
76%
U7Uruguay
75%
I4Inde
74%
L4Laos
74%
M4Mali
74%
J5Japon
73%
T4Togo
73%
B5Bénin
68%
G5Gabon
65%
G5Ghana
65%
V7Vatican
64%
H5Haïti
62%
C4Cuba
61%
K5Kenya
60%
R6Rwanda
60%
P5Pérou
59%
R6Russie
57%
N5Nauru
56%
V7Vanuatu
56%
N5Népal
55%
N5Niger
54%
D8Djibouti
53%
U7Ukraine
53%
G5Grèce
50%
S5Suède
49%
S5Samoa
45%
A6Angola
44%
S5Syrie
43%
V7Viêt Nam
41%
E6Égypte
35%

Distribution des résultats

Percentile par nombre de réponses

% des personnes avec chaque résultat

Votre développement - résultats

Vous n’avez pas pris ce quiz